[Event "Oberbayern Bezirksliga 1718"]
[Site "Germany"]
[Date "2017.11.26"]
[Round "3.2"]
[White "Besner, Bernhard"]
[Black "Glawe, Ralf"]
[Result "1/2-1/2"]
[WhiteElo "2088"]
[BlackElo "2053"]
[PlyCount "92"]
[EventDate "2017.10.22"]
[EventType "team-tourn"]
[EventRounds "9"]
[EventCountry "GER"]
[SourceTitle "EXT 2019"]
[Source "ChessBase"]
[SourceDate "2018.10.10"]
[SourceVersion "1"]
[SourceVersionDate "2018.10.10"]
[SourceQuality "1"]
[WhiteTeam "Freilassing"]
[BlackTeam "Ingolstadt"]
[WhiteTeamCountry "GER"]
[BlackTeamCountry "GER"]

1. e4 c5 2. c3 d5 3. exd5 Qxd5 4. d4 Nf6 5. Nf3 e6 6. Bd3 cxd4 7. cxd4 Nc6 8. Nc3 Qd8 9. 0-0 Be7 10. a3 0-0 11. Bg5 b6 12. Qe2 Bb7 13. Rad1 Nd5 14. Qe4 g6 15. Bxe7 Ncxe7 16. Qh4 Nf5 17. Bxf5 Qxh4 18. Nxh4 Nxc3 19. bxc3 gxf5 20. Rd3 Rfd8 21. Re1 Rac8 22. f4 Rc4 23. Rg3+ Kf8 24. Ree3 Rdc8 25. Rh3 Ra4 26. Nf3 Bxf3 27. Rexf3 Rxa3 28. Kf2 a5 29. Ke2 b5 30. Rfg3 b4 31. cxb4 Ra2+ 32. Kd1 Ra1+ 33. Kd2 Ra2+ 34. Kd1 axb4 35. Rxh7 Rc7 36. Rh8+ Ke7 37. Rb8 Rb2 38. d5 Rb1+ 39. Kd2 Rb2+ 40. Kd1 Rd7 41. Kc1 Rf2 42. dxe6 Ra7 43. Kb1 Rf1+ 44. Kb2 Rf2+ 45. Kb1 Rf1+ 46. Kb2 Rf2+ 1/2-1/2

[Event "Nuremberg Zabo op 19th"]
[Site "Nuremberg"]
[Date "2017.09.17"]
[Round "4"]
[White "Glawe, Ralf"]
[Black "Ceglar, Michael"]
[Result "1-0"]
[WhiteElo "2040"]
[BlackElo "1829"]
[PlyCount "37"]
[EventDate "2017.09.15"]
[EventType "swiss"]
[EventRounds "5"]
[EventCountry "GER"]
[SourceTitle "EXT 2022"]
[Source "ChessBase"]
[SourceDate "2021.10.06"]
[SourceVersion "1"]
[SourceVersionDate "2021.10.06"]
[SourceQuality "1"]

1. e4 e5 2. Nf3 d5 3. exd5 Qxd5 4. Nc3 Qe6 5. Bb5+ c6 6. Ba4 Bd6 7. 0-0 Nf6 8. Re1 0-0 9. d4 Nbd7 10. dxe5 Nxe5 11. Nxe5 Bxe5 12. Bf4 Bxf4 13. Rxe6 Bxe6 14. Bb3 Bg4 15. Qd4 Bc7 16. Ne4 Nxe4 17. Qxe4 Bh5 18. Re1 h6 19. Qf5 1-0

[Event "Bayern-chI Bank Hofmann 20th"]
[Site "Bad Wiessee"]
[Date "2016.10.31"]
[Round "3"]
[White "Schnepp, Gunnar"]
[Black "Glawe, Ralf"]
[Result "1-0"]
[WhiteElo "2338"]
[BlackElo "2059"]
[PlyCount "49"]
[EventDate "2016.10.29"]
[EventType "swiss"]
[EventRounds "9"]
[EventCountry "GER"]
[SourceTitle "CBM 175 Extra"]
[Source "ChessBase"]
[SourceDate "2016.12.12"]
[SourceVersion "1"]
[SourceVersionDate "2016.12.12"]
[SourceQuality "1"]

1. d4 Nf6 2. c4 e6 3. g3 Bb4+ 4. Bd2 Qe7 5. Bg2 Nc6 6. Nf3 Bxd2+ 7. Nbxd2 d6 8. 0-0 a5 9. Re1 0-0 10. Nf1 Nb4 11. a3 Na6 12. b4 c6 13. e4 e5 14. h3 Bd7 15. c5 dxc5 16. dxe5 Ne8 17. bxa5 Be6 18. Ne3 g6 19. Qc2 Nec7 20. Qb2 Ra7 21. Bf1 Rfa8 22. h4 h5 23. Ng5 Nb8 24. f4 Bc8 25. f5 1-0

[Event "Forchheim op-B 13th"]
[Site "Forchheim"]
[Date "2014.10.05"]
[Round "5"]
[White "Glawe, Ralf"]
[Black "Meulner, Fabian"]
[Result "1-0"]
[WhiteElo "1996"]
[BlackElo "1939"]
[PlyCount "51"]
[EventDate "2014.10.03"]
[EventType "swiss"]
[EventRounds "5"]
[EventCountry "GER"]
[SourceTitle "EXT 2019"]
[Source "ChessBase"]
[SourceDate "2018.10.10"]
[SourceVersion "1"]
[SourceVersionDate "2018.10.10"]
[SourceQuality "1"]

1. e4 g6 2. d4 Bg7 3. Nc3 c5 4. Nf3 Qa5 5. Be2 Nc6 6. Be3 cxd4 7. Nxd4 Nf6 8. 0-0 0-0 9. f4 d6 10. Bf3 Bd7 11. Nb3 Qd8 12. a4 Na5 13. e5 Ne8 14. Nxa5 Qxa5 15. Bxb7 Rb8 16. Bf3 Be6 17. Nd5 Bxd5 18. Qxd5 Qxd5 19. Bxd5 dxe5 20. Bxa7 Rxb2 21. Bb3 exf4 22. Bc5 Nd6 23. Rad1 Nf5 24. Rxf4 Bh6 25. Rf3 Rc8 26. Ba3 1-0

[Event "Nuremberg Zabo op 16th"]
[Site "Nuremberg"]
[Date "2014.09.21"]
[Round "4"]
[White "Glawe, Ralf"]
[Black "Nuesslein, Christian"]
[Result "0-1"]
[WhiteElo "1835"]
[BlackElo "1611"]
[PlyCount "68"]
[EventDate "2014.09.19"]
[EventType "swiss"]
[EventRounds "5"]
[EventCountry "GER"]
[SourceTitle "EXT 2018"]
[Source "ChessBase"]
[SourceDate "2017.10.13"]
[SourceVersion "1"]
[SourceVersionDate "2017.10.13"]
[SourceQuality "1"]

1. e4 Nf6 2. e5 Nd5 3. d4 d6 4. Nf3 Nb6 5. a4 dxe5 6. Nxe5 N6d7 7. Nf3 e6 8. Bc4 c5 9. c3 cxd4 10. cxd4 Bb4+ 11. Nc3 Qa5 12. Bd2 a6 13. 0-0 0-0 14. Qe2 Nb6 15. Bb3 N8d7 16. Rac1 Nf6 17. Rfd1 Bd7 18. Ne5 Be8 19. Nd3 Rd8 20. Nxb4 Qxb4 21. Bc2 Qe7 22. Bg5 Nbd5 23. Ne4 h6 24. Bh4 g5 25. Bg3 Nxe4 26. Bxe4 Bxa4 27. Re1 Nf6 28. Be5 Nxe4 29. Qxe4 Bc6 30. Qe3 f5 31. h4 f4 32. Qh3 Rf5 33. Rc3 Rdf8 34. Qh2 gxh4 0-1

[Event "Nuremberg Zabo op 16th"]
[Site "Nuremberg"]
[Date "2014.09.21"]
[Round "5"]
[White "Weber, Alexander"]
[Black "Glawe, Ralf"]
[Result "0-1"]
[WhiteElo "1689"]
[BlackElo "1835"]
[PlyCount "86"]
[EventDate "2014.09.19"]
[EventType "swiss"]
[EventRounds "5"]
[EventCountry "GER"]
[SourceTitle "EXT 2018"]
[Source "ChessBase"]
[SourceDate "2017.10.13"]
[SourceVersion "1"]
[SourceVersionDate "2017.10.13"]
[SourceQuality "1"]

1. e4 c5 2. d4 cxd4 3. c3 dxc3 4. Nxc3 Nc6 5. Bc4 e6 6. Nf3 Qc7 7. Qe2 Nf6 8. 0-0 Ng4 9. Nb5 Qb8 10. h3 Nge5 11. Bf4 a6 12. Nc3 Bd6 13. Be3 Nxf3+ 14. Qxf3 Ne5 15. Qe2 Nxc4 16. Qxc4 b5 17. Qd3 Be7 18. Rad1 0-0 19. f4 d6 20. f5 Bb7 21. f6 Bxf6 22. Rxf6 gxf6 23. Bh6 Kh8 24. Qf1 Qa7+ 25. Kh2 f5 26. Bxf8 Rxf8 27. exf5 Rg8 28. g3 Qc5 29. fxe6 Qe5 30. Qd3 fxe6 31. Qd4 Qxd4 32. Rxd4 Rd8 33. a4 Bc6 34. axb5 axb5 35. Rb4 e5 36. Rg4 d5 37. Kg1 d4 38. Nb1 e4 39. Kf1 b4 40. Ke1 Ra8 41. Kd2 Ra1 42. Nc3 bxc3+ 43. bxc3 Ra2+ 0-1

[Event "Nuremberg Zabo op 10th"]
[Site "Nuremberg"]
[Date "2008.09.21"]
[Round "5"]
[White "Ahlich, Thomas"]
[Black "Glawe, Ralf"]
[Result "1/2-1/2"]
[WhiteElo "1885"]
[BlackElo "1650"]
[PlyCount "24"]
[EventDate "2008.09.19"]
[EventType "swiss"]
[EventRounds "5"]
[EventCountry "GER"]
[SourceTitle "EXT 2012"]
[Source "ChessBase"]
[SourceDate "2011.11.24"]
[SourceVersion "1"]
[SourceVersionDate "2011.11.24"]
[SourceQuality "1"]

1. Nf3 Nf6 2. b3 c5 3. Bb2 e6 4. e3 Nc6 5. c4 d5 6. d4 cxd4 7. Nxd4 Nxd4 8. Bxd4 dxc4 9. Bxc4 Be7 10. 0-0 0-0 11. Qf3 Qc7 12. Nd2 e5 1/2-1/2

[Event "Nuremberg Zabo op 10th"]
[Site "Nuremberg"]
[Date "2008.09.20"]
[Round "2"]
[White "Glawe, Ralf"]
[Black "Rinck, Klaus"]
[Result "1-0"]
[WhiteElo "1650"]
[BlackElo "1614"]
[PlyCount "65"]
[EventDate "2008.09.19"]
[EventType "swiss"]
[EventRounds "5"]
[EventCountry "GER"]
[SourceTitle "EXT 2012"]
[Source "ChessBase"]
[SourceDate "2011.11.24"]
[SourceVersion "1"]
[SourceVersionDate "2011.11.24"]
[SourceQuality "1"]

1. e4 d5 2. exd5 Qxd5 3. Nc3 Qd6 4. Bc4 Nf6 5. d4 a6 6. Nf3 Bg4 7. 0-0 Nc6 8. Be3 e6 9. a3 Be7 10. Qe2 0-0 11. Rad1 Nd5 12. Ne4 Qd8 13. Bc1 b5 14. Ba2 Qb8 15. c3 Re8 16. Bb1 Qb6 17. h3 Bh5 18. g4 Bg6 19. h4 h6 20. g5 h5 21. Ba2 a5 22. Ng3 Bd6 23. Ne5 Nxe5 24. dxe5 Ne7 25. Nxh5 Nf5 26. Qg4 Rad8 27. Nf4 Ne7 28. Nxg6 Nxg6 29. Qe4 Ne7 30. h5 Nf5 31. exd6 Ng3 32. Qf3 Nxf1 33. Bb3 1-0